00818 2200181 4500245003200000020002200032250001100054100001800065700002100083650001700104005001900121260003800140041001400178084001100192300002900203500039500232336000900627 aSerunicAlmas SufeeyahText a978-602-0822-39-6 aCet. 1 aAlmas Sufeeya aTriana Rahmawati aNovel Remaja a20230926110559 aJakartabRepublika Penerbitc2017 aIndonesia a808.83 avi, 239 hlm. :c20.5 cm. aSeruni tak meninggalkan segala hal yang menjadi tumpuan hidupnya selama bertahun-tahun di negeri sakura.Karena ia sudah berjanji pada dirinya sendiri,ia tidak akan menunda atau menunggu untuk bisa kembali ke Indonesia demi seseorang yang amat dirindukan.Meskipun harus menempuh jalan yang panjang,sukar,dan terjan.Ia siap menanggung segala konsekuensi asalkan bisa bertemu dengan orang itu. atext